000 00758nam a2200205Ia 4500
003 GCL
008 140319s9999 xx 000 0 ara d
040 _aGCL /
_cGCL
082 0 4 _a301.9531
_bا م
100 1 _aالسيد على شتا
245 1 0 _aالمجتمع السعودى '' النظم الاجتماعية '' /
_cالسيد على شتا
260 _aالقاهرة :
_bالمكتبة المصرية ،
_c2004
300 _a553 ص ؛
_c26 سم
650 0 4 _aالمجتمع
650 0 4 _aالخدمة الاجتماعية - السعودية
650 0 4 _aالمجتمع السعودى
650 0 4 _aالطبقات الاجتماعية - السعودية
650 0 4 _aالتغير الاجتماعى - السعودية
942 _2ddc
_cBK
999 _c51140
_d51140